000 00613nam a2200229Ia 4500
003 OSt
005 20221007074909.0
006 a|||||r|||| 00| 0
007 ta
008 221006b |||||||| |||| 00| 0 eng d
024 _a16,927
037 _cTextual
040 _aFLL
_cFLL
_beng
041 _2eng
_aeng
082 _aX9W.2.N7, L5
100 _aKhan Ziauddin
_9429409
245 0 _aPublic enterprises in India
260 _aNew Delhi
_bAssociated Publishing House India
_c1975
300 _a215p
_ccm.
942 _hX9W.2.N7, L5
_cTEXL
_2CC
999 _c1154070
_d1154070